| 000 | 00359nam a22001337a 4500 | ||
|---|---|---|---|
| 008 | 131210b xxu||||| |||| 00| 0 eng d | ||
| 050 | _aTX406.W529 1975 | ||
| 100 |
_aWestland, Pamela _95410 |
||
| 245 |
_aThe Encyclopedia of Spices _c Pamela Westland |
||
| 260 | _c1975 | ||
| 300 | _a22p. | ||
| 650 |
_aSpices _xEncyclopedias _95411 |
||
| 942 |
_2lcc _cMONOGRAPH |
||
| 999 |
_c119166 _d119166 |
||